Statistics for Sydney or Melbourne?

Click here to take the quiz!

General Stats

  • This quiz has been taken 927 times
    (721 since last reset)
  • The average score is 13 of 16

Answer Stats

QuestionAnswer% Correct
Is in New South WalesSydney
97%
Home to Monash UniversityMelbourne
94%
Has the Darling HarbourSydney
92%
Has cheaper housesMelbourne
91%
More populatedSydney
90%
Has the Federation SquareMelbourne
89%
Settled earlier by the BritishSydney
89%
Closer to CanberraSydney
87%
Was the most liveable city for seven yearsMelbourne
86%
Hosted the 1956 OlympicsMelbourne
84%
A-League team: ______ VictoryMelbourne
83%
Calls it 'kinder' instead of 'preschool'Melbourne
80%
Calls it 'bathers' instead of 'swimmers'Melbourne
78%
More culturally diverseSydney
45%
More people who drive to workMelbourne
39%
Heavier rainfallSydney
39%

Score Distribution

Percentile by Number Answered

Percent of People with Each Score

Your Score History

You have not taken this quiz since the last reset